Reflective Practice to Improve Schools: An Action Guide For Educators (Record no. 25559)

MARC details
000 -LEADER
fixed length control field 00734nam a22002297a 4500
003 - CONTROL NUMBER IDENTIFIER
control field OSt
005 - DATE AND TIME OF LATEST TRANSACTION
control field 20260630094919.0
008 - FIXED-LENGTH DATA ELEMENTS--GENERAL INFORMATION
fixed length control field 260630b |||||||| |||| 00| 0 eng d
020 ## - INTERNATIONAL STANDARD BOOK NUMBER
International Standard Book Number 0761977635
040 ## - CATALOGING SOURCE
Transcribing agency Chuka University Library
050 ## - LIBRARY OF CONGRESS CALL NUMBER
Classification number LB 1060
Item number .R44 2001
100 ## - MAIN ENTRY--PERSONAL NAME
Personal name York-Barr,Jennifer
9 (RLIN) 28852
245 ## - TITLE STATEMENT
Title Reflective Practice to Improve Schools: An Action Guide For Educators
260 ## - PUBLICATION, DISTRIBUTION, ETC.
Place of publication, distribution, etc. California
Name of publisher, distributor, etc. Corwin Press, Inc.
Date of publication, distribution, etc. 2001
300 ## - PHYSICAL DESCRIPTION
Extent 170p
Other physical details Illustrations
650 ## - SUBJECT ADDED ENTRY--TOPICAL TERM
Topical term or geographic name entry element Learning, Psychology of.
9 (RLIN) 28280
650 ## - SUBJECT ADDED ENTRY--TOPICAL TERM
Topical term or geographic name entry element Self knowledge, Theory of.
9 (RLIN) 8533
700 ## - ADDED ENTRY--PERSONAL NAME
Personal name William A. Sommers(Author)
9 (RLIN) 31920
700 ## - ADDED ENTRY--PERSONAL NAME
Personal name Gail S. Ghere(Author)
9 (RLIN) 31921
700 ## - ADDED ENTRY--PERSONAL NAME
Personal name Jo Montie(Author)
9 (RLIN) 31922
942 ## - ADDED ENTRY ELEMENTS (KOHA)
Source of classification or shelving scheme Library of Congress Classification
Koha item type Long Loan Books
Suppress in OPAC No
Holdings
Withdrawn status Lost status Source of classification or shelving scheme Damaged status Not for loan Collection Home library Current library Shelving location Date acquired Source of acquisition Cost, normal purchase price Total Checkouts Full call number Barcode Date last seen Price effective from Koha item type
    Library of Congress Classification     General Collection Books Main Campus Library Main Campus Library General Stacks 30/06/2026 Donations from Books for Africa 973.54   LB 1060 .R44 2001 36399/2026 30/06/2026 30/06/2026 Long Loan Books

Powered by Koha